• 首页
  • 本馆介绍
  • 公告通知
  • 最新文献
  • 馆藏检索
  • 电子资源
  • 读者导购
  • 参考咨询
  • 我的图书馆
  • 登录
  • 详细信息显示
  • 放入我的书架
  • 预约/预借图书
  • 作者相关作品
  • 分类相关作品
  • 丛书相关作品
  • 出版社相关作品

书目信息

  • 表格格式
  • 工作单格式
  • 卡片格式
题名:
狂爱赛车狂爱F1
    
 
作者: 许仙 , 许仙 著
分册:  
出版信息: 北京   九州出版社  2004
页数: 293页
开本: 21cm
丛书名:
单 册:
中图分类: G872.1
科图分类:
主题词: 赛车--汽车运动--概况--世界
电子资源:
ISBN: 7-80195-112-3
000 01107nam0 2200325 450
000 01072nam0 2200313 450
000 01035nam0 2200301 450
000 00962nam0 2200289 450
000 00925nam0 2200277 450
000 00858nam0 2200253 450
001 0104000022
005 20061013081808.14
010    @a7-80195-112-3@dCNY24.80
100    @a20050927d2004 em y0chiy0110 ea
101 0  @achi
102    @aCN@b110000
105    @aa z 000yd
200 1  @a狂爱赛车狂爱F1@Akuang ai sai che kuang ai F1@e中国最精彩的F1读本@f许仙著@Fxu xian zhu
210    @a北京@c九州出版社@d2004
215    @a293页@c照片@d21cm
330    @a本书详细介绍了赛车知识,读者还将欣赏到赛车明星们的光辉业绩、世界名车的历史渊源、车手的传奇故事等。
517 1  @a中国最精彩的F1读本@9zhong guo zui jing cai de f1 du ben
606 0  @a赛车@x汽车运动@x概况@y世界
690    @aG872.1@v4
701  0 @a许仙@9xu xian@4著
701  0 @a许仙@Axu xian@4著
801  0 @aCN@b北京荣雅伟业图书经销中心@c20061013
905    @aBZT@dG872.1@e1
906    @dCNY24.80@n0@r1
    
    狂爱赛车狂爱F1:中国最精彩的F1读本/许仙著.-北京:九州出版社,2004
    293页:照片;21cm
    
    
    ISBN 7-80195-112-3:CNY24.80
    本书详细介绍了赛车知识,读者还将欣赏到赛车明星们的光辉业绩、世界名车的历史渊源、车手的传奇故事等。
●
相关链接 在五车中查询图书 在当当中查询图书 在豆瓣中查询图书


正题名:狂爱赛车狂爱F1     索取号:G872.1/1         预约/预借

序号 登录号 条形码 馆藏地/架位号 状态 备注
1 499851   230019411   中心书库北库/ 北库025架B面4列4层13/ [索取号:G872.1/1] 在馆    
2 499852   230019414   中心书库北库/ 北库025架B面4列4层16/ [索取号:G872.1/1] 在馆    
3 499853   230019413   中心书库北库/ 北库025架B面4列4层12/ [索取号:G872.1/1] 在馆    
4 499854   230019415   中心书库北库/ 北库025架B面4列4层15/ [索取号:G872.1/1] 在馆    
5 499855   230019416   中心书库北库/ 北库025架B面4列4层14/ [索取号:G872.1/1] 在馆    
山东省滨州职业学院图书馆 欢迎您!
大连网信软件有限公司© 版权所有